000 00651nam a2200229Ia 4500
005 20250425162153.0
008 250425s9999 xx 000 0 und d
041 _aspa
043 _aec
082 _a306
_pBAN
110 _aBanco Central del Ecuador
245 0 _aMiscelanea antropológica ecuatoriana
260 _aGuayaquil
_bBanco Central del Ecuador
_c2000
300 _a151 páginas
_bilustraciones
_c28.50 cm.
504 _aIncluye bibliografía
650 _aAntropología del Ecuador
650 _aCerámica
650 _aCulturas Prehispánicas del Ecuador
650 _aEcuador - Arqueología
942 _c01
010 _a54217
999 _c223766
_d223766